Sports Quiz

Random Sports or Football Quiz

Mets All-Time Home Run Leaders Quiz Stats

 Plays Quiz not verified by Sporcle

Challenge
Share
Tweet
Embed
Score 0/20 Timer 05:00
0 Plays Today
Amount Player % Correct
252Darryl Strawberry
98.2%
169David Wright
97%
220Mike Piazza
93.3%
134Carlos Beltran
90.9%
104Carlos Delgado
86.6%
192Howard Johnson
86%
89Gary Carter
80.5%
80Keith Hernandez
76.2%
124Todd Hundley
64%
118Ed Kranepool
63.4%
Amount Player % Correct
93Cleon Jones
62.2%
154Dave Kingman
61%
77Robin Ventura
58.5%
120Edgardo Alfonzo
55.5%
82Tommie Agee
50%
122Kevin McReynolds
47.6%
95Bobby Bonilla
47.6%
99George Foster
35.4%
81Cliff Floyd
30.5%
94John Milner
22%

You're not logged in!

Compare scores with friends on all Sporcle quizzes.
Join for Free
OR
Log In

You Might Also Like...

Show Comments

Extras

Top Quizzes Today


Score Distribution

Your Account Isn't Verified!

In order to create a playlist on Sporcle, you need to verify the email address you used during registration. Go to your Sporcle Settings to finish the process.

Report this User

Report this user for behavior that violates our Community Guidelines.

Details: